000 00584cam a2200145 4500500
005 20251228093408.0
041 _afre
042 _adc
100 1 0 _aCraveri, Marta
_eauthor
245 0 0 _aPaul R. GREGORY, Valery LAZAREV, eds. The economics of forced labor The Soviet Gulag Stanford, California, Hoover Institution Press, 2003, 212 p.
260 _c2004.
500 _a81
786 0 _nCahiers du monde russe | Vol 45 | 3 | 2004-11-01 | p. 613y-658y | 1252-6576
856 4 1 _uhttps://shs.cairn.info/revue-cahiers-du-monde-russe-2004-3-page-613y?lang=fr&redirect-ssocas=7080
999 _c1604294
_d1604294